| 000 | 00665nac a22001691u 4500 | ||
|---|---|---|---|
| 008 | 080818t1968 ua|||||r|||| 001 0dara d | ||
| 082 |
_a255 _bب ه ن |
||
| 245 |
_aالجرائم في الفقة الاسلامي : _bدراسة فقهية مقارنة / _cأحمد فتحي بهنسي |
||
| 250 | _aط3 ، مزيدة | ||
| 260 |
_aالقاهرة : _bمكتبة الوعي العربي ، 1968 _c1968 |
||
| 270 | _a5شارع كامل صدقي بالفجالة | ||
| 300 |
_a257 ص ؛ _c24 سم . |
||
| 504 | _aيحتوي علي ببليوجرافية: ص 255-257 | ||
| 511 | _aCatalogued by: Sara | ||
| 650 |
_aالقتل _922288 |
||
| 942 |
_cBB _k255 ب ه ن _2ddc |
||
| 999 |
_c7520 _d7520 |
||